Medieval Cities of the Swahili Coast - Map Quiz - Statistics

General Stats
  • This quiz has been taken 65 times
  • The average score is 3 of 10
Answers on the Map
Answers color-coded by a green-red scale on the quiz's map according to % correct below.
 
Answer Stats
Answer % Correct
Mombasa
75%
Moroni
67%
Mutsamudu
52%
Kilwa Kisiwani
50%
Gedi
21%
Malindi
21%
Sofala
21%
Unguja Ukuu
19%
Pate
15%
Lamu
6%
No matching quizzes found
Score Distribution
Percent of People with Each Score
Percentile by Number Answered
Your Score History
You have not taken this quiz